000 00524nam a22001697a 4500
005 20251108164335.0
008 250721s1993 xx 000 0 ara d
082 1 4 _a402/صلا
100 1 _aعبد الحق، صلاح إسماعيل
245 1 0 _aالتحليل اللغوي عند مدرسة اكسفورد /
264 1 _aبيروت :
_bدار التنوير للطباعة والنشر،
_c1993.
300 _a327ص
650 1 7 _aعلم الدلالة
650 1 7 _aاللغات
942 _2ddc
_cBK
999 _c9765
_d9765